[Event "Sudety op 4th"]
[Site "Szklarska Poreba"]
[Date "2011.05.29"]
[Round "1"]
[White "Zeberski, Jakub"]
[Black "Adaszewski, Pawel"]
[Result "1-0"]
[WhiteElo "2395"]
[BlackElo "1706"]
[PlyCount "69"]
[EventDate "2011.05.29"]
[EventType "swiss"]
[EventRounds "9"]
[EventCountry "POL"]
[SourceTitle "CBM 142 Extra"]
[Source "ChessBase"]
[SourceDate "2011.06.27"]
[SourceVersion "1"]
[SourceVersionDate "2011.06.27"]
[SourceQuality "1"]

1. e4 g6 2. d4 Bg7 3. Nc3 d6 4. f4 Nf6 5. Nf3 0-0 6. Bd3 c6 7. 0-0 b5 8. e5 dxe5 9. fxe5 Nd5 10. Nxd5 Qxd5 11. Qe2 Bg4 12. c3 e6 13. Bg5 Qd7 14. h3 Bf5 15. Bxf5 exf5 16. Qf2 Na6 17. a4 Nc7 18. Qh4 Rfe8 19. b3 a6 20. Bh6 Bh8 21. g4 Nd5 22. gxf5 Nxc3 23. axb5 cxb5 24. Rae1 Ra7 25. e6 Qd8 26. fxg6 fxg6 27. Qxd8 Rxd8 28. e7 Re8 29. Ng5 Bxd4+ 30. Kg2 Bg7 31. Bxg7 Kxg7 32. Ne6+ Kh6 33. Rf4 g5 34. Rf6+ Kh5 35. Ng7+ 1-0

[Event "Karpacz op"]
[Site "Karpacz"]
[Date "2010.02.22"]
[Round "1"]
[White "Adaszewski, Pawel"]
[Black "Kaczmarek, Aleksander"]
[Result "0-1"]
[WhiteElo "1651"]
[BlackElo "2035"]
[PlyCount "42"]
[EventDate "2010.02.21"]
[EventType "swiss"]
[EventRounds "9"]
[EventCountry "POL"]
[SourceTitle "CBM 135 Extra"]
[Source "ChessBase"]
[SourceDate "2010.05.04"]
[SourceVersion "1"]
[SourceVersionDate "2010.05.04"]
[SourceQuality "1"]

1. c4 d6 2. Nc3 g6 3. g3 Bg7 4. Bg2 e5 5. d3 f5 6. Nf3 c6 7. b4 e4 8. Bb2 exf3 9. Bxf3 Nf6 10. 0-0 0-0 11. a4 Nbd7 12. b5 Ne5 13. Bg2 Rb8 14. Qc2 Nh5 15. h3 f4 16. g4 f3 17. exf3 Nxf3+ 18. Bxf3 Rxf3 19. Kg2 Rf7 20. gxh5 Qg5+ 21. Kh1 Rf3 0-1

[Event "Leutersdorf Muench Braeu op 12th"]
[Site "Leutersdorf"]
[Date "2007.02.14"]
[Round "7"]
[White "Stark, Saskia"]
[Black "Adaszewski, Pawel"]
[Result "1-0"]
[WhiteElo "1776"]
[BlackElo "1800"]
[PlyCount "43"]
[EventDate "2007.02.10"]
[EventType "swiss"]
[EventRounds "7"]
[EventCountry "GER"]
[SourceTitle "EXT 2008"]
[Source "ChessBase"]
[SourceDate "2007.11.25"]
[SourceVersion "1"]
[SourceVersionDate "2007.11.25"]
[SourceQuality "1"]

1. e4 c5 2. Nc3 e6 3. g3 d5 4. exd5 exd5 5. d4 Nf6 6. Bg5 Be6 7. Bg2 cxd4 8. Qxd4 Nc6 9. Qd1 Bb4 10. Nge2 0-0 11. 0-0 Bxc3 12. Nxc3 d4 13. Ne4 Bd5 14. Nxf6+ gxf6 15. Bxf6 Qxf6 16. Bxd5 d3 17. Bxc6 dxc2 18. Qg4+ Kh8 19. Be4 Qxb2 20. Qh4 f5 21. Bxf5 Qe5 22. Qxh7# 1-0

[Event "Leutersdorf Muench Braeu op 12th"]
[Site "Leutersdorf"]
[Date "2007.02.13"]
[Round "5"]
[White "Schulz, Anja"]
[Black "Adaszewski, Pawel"]
[Result "1-0"]
[WhiteElo "1861"]
[BlackElo "1800"]
[PlyCount "41"]
[EventDate "2007.02.10"]
[EventType "swiss"]
[EventRounds "7"]
[EventCountry "GER"]
[SourceTitle "EXT 2008"]
[Source "ChessBase"]
[SourceDate "2007.11.25"]
[SourceVersion "1"]
[SourceVersionDate "2007.11.25"]
[SourceQuality "1"]

1. e4 c5 2. Nf3 Nc6 3. d4 cxd4 4. Nxd4 Nf6 5. Nc3 e5 6. Ndb5 d6 7. Bg5 a6 8. Na3 b5 9. Nd5 Be7 10. Bxf6 Bxf6 11. c3 Bg5 12. Nc2 0-0 13. a4 bxa4 14. Rxa4 Bb7 15. Bc4 Ne7 16. 0-0 Nxd5 17. Bxd5 Bxd5 18. Qxd5 Qd7 19. Rfa1 Rfb8 20. Nb4 Rb5 21. Qxa8+ 1-0

[Event "Leutersdorf Muench Braeu op 11th"]
[Site "Leutersdorf"]
[Date "2006.02.15"]
[Round "6"]
[White "Adaszewski, Pawel"]
[Black "Mlodzinska, Irena"]
[Result "0-1"]
[WhiteElo "1600"]
[BlackElo "1871"]
[PlyCount "44"]
[EventDate "2006.02.11"]
[EventType "swiss"]
[EventRounds "9"]
[EventCountry "GER"]
[SourceTitle "CBM 110 Extra"]
[Source "ChessBase"]
[SourceDate "2006.03.10"]
[SourceVersion "2"]
[SourceVersionDate "2006.03.10"]
[SourceQuality "1"]

1. e4 c5 2. Nf3 d6 3. d4 cxd4 4. Nxd4 Nf6 5. Nc3 a6 6. f3 Qc7 7. Be3 e6 8. Qd2 Be7 9. 0-0-0 b5 10. g4 Bb7 11. h4 Nfd7 12. Nb3 Ne5 13. Bg2 Nc4 14. Qd3 Nxe3 15. Qxe3 Nd7 16. Rhg1 Rc8 17. f4 b4 18. Rd3 a5 19. Qd4 e5 20. fxe5 Nxe5 21. Na1 Nxd3+ 22. cxd3 Bf6 0-1

[Event "Loebau-Zittau KSK op"]
[Site "Leutersdorf"]
[Date "2004.02.13"]
[Round "1"]
[White "Adaszewski, Pawel"]
[Black "Prasse, Uwe"]
[Result "0-1"]
[WhiteElo "1400"]
[BlackElo "2061"]
[PlyCount "74"]
[EventDate "2004.02.13"]
[EventType "swiss"]
[EventRounds "7"]
[EventCountry "GER"]
[SourceTitle "CBM 098 Extra"]
[Source "ChessBase"]
[SourceDate "2004.03.10"]
[SourceVersion "2"]
[SourceVersionDate "2004.03.10"]
[SourceQuality "1"]

1. e4 g6 2. d4 Bg7 3. Nf3 c6 4. Bc4 d5 5. exd5 cxd5 6. Bb5+ Nc6 7. 0-0 Bg4 8. Be3 e6 9. Bxc6+ bxc6 10. Nc3 Ne7 11. h3 Bxf3 12. Qxf3 0-0 13. Qe2 Nf5 14. Bf4 Nxd4 15. Qd2 e5 16. Bg5 f6 17. Bh6 Rb8 18. b3 Bxh6 19. Qxh6 Nxc2 20. Rac1 Nd4 21. f4 e4 22. Rcd1 Nf5 23. Ne2 Nxh6 24. Nd4 Qb6 25. a4 Nf5 26. a5 Qxd4+ 27. Rxd4 Nxd4 28. Rb1 Rxb3 29. Rd1 c5 30. Kh2 Rfb8 31. Rc1 c4 32. Rd1 Rd3 33. Rc1 Rb2 34. Re1 Nf3+ 35. Kg3 Nxe1+ 36. Kg4 h5+ 37. Kh4 Nxg2# 0-1